000 00424cam a2200181 4500
001 D9056
008 090401t1963 xxu||||| |||| 00| 0 eng d
035 _a(Sirsi) u17191
041 _aeng
050 _a306.1
100 _aStone, P. A.
245 _aHousing town development land and costs
260 _aLondon
_bEstates Gazette
_c1963
300 _axv. 154p. 22cm
350 _a0
942 _n0
948 _c04/03/1997
999 _c87484
_d87484